[Event "EThessaloniki SSTH HALK-ch U16"]
[Site "Thessaloniki"]
[Date "2017.11.26"]
[Round "6.6"]
[White "Serkelidou, Zoi"]
[Black "Haritsou, Hrysanthi"]
[Result "0-1"]
[WhiteElo "1000"]
[BlackElo "1000"]
[PlyCount "110"]
[EventDate "2017.10.01"]
[EventType "swiss"]
[EventRounds "6"]
[EventCountry "GRE"]
[SourceTitle "EXT 2024"]
[Source "ChessBase"]
[SourceDate "2023.10.10"]
[SourceVersion "1"]
[SourceVersionDate "2023.10.10"]
[SourceQuality "1"]

1. e4 e5 2. Nf3 Nc6 3. Bb5 Na5 4. Nxe5 a6 5. Bc4 d6 6. Nxf7 Qd7 7. Nxh8 Nxc4 8. b3 Ne5 9. 0-0 Qb5 10. Nc3 Qc6 11. Qh5+ Ke7 12. Qxh7 Nf6 13. Ng6+ Nxg6 14. Qxg6 Rb8 15. d4 Qe8 16. Qf5 Bxf5 17. exf5 g6 18. fxg6 Qxg6 19. Re1+ Kd7 20. Re2 Qg4 21. Rd2 Bh6 22. Rd3 Bf8 23. f3 Qg6 24. Bf4 Nh5 25. Be3 Re8 26. Bf2 Nf4 27. Re3 Bh6 28. Rxe8 Qxe8 29. Re1 Qf7 30. Re4 Qg6 31. Kf1 Qh5 32. Be3 Ne6 33. Bxh6 Qxh6 34. d5 Ng5 35. Re6 Nxe6 36. dxe6+ Qxe6 37. g4 Qf6 38. Kf2 Qxc3 39. h4 Qxc2+ 40. Kg3 d5 41. f4 Qg6 42. h5 Qf7 43. g5 Qxh5 44. a4 d4 45. Kf2 Qf7 46. Kf3 d3 47. Ke3 Qe7+ 48. Kxd3 Qh7+ 49. Ke3 Kd6 50. Kf3 Kd5 51. Kg4 Ke4 52. b4 Qf7 53. a5 Qxf4+ 54. Kh5 Kf5 55. g6 Qg5# 0-1

[Event "EThessaloniki SSTH HALK-ch U16"]
[Site "Thessaloniki"]
[Date "2017.11.12"]
[Round "4.6"]
[White "Haritsou, Hrysanthi"]
[Black "Magkalaki, Eleni"]
[Result "0-1"]
[WhiteElo "1000"]
[BlackElo "1000"]
[PlyCount "104"]
[EventDate "2017.10.01"]
[EventType "swiss"]
[EventRounds "6"]
[EventCountry "GRE"]
[SourceTitle "EXT 2024"]
[Source "ChessBase"]
[SourceDate "2023.10.10"]
[SourceVersion "1"]
[SourceVersionDate "2023.10.10"]
[SourceQuality "1"]

1. e4 c5 2. Bc4 Nf6 3. d3 Nc6 4. Nf3 g6 5. 0-0 Bg7 6. Bf4 d6 7. Bb5 Bd7 8. Nc3 e5 9. Bg5 a6 10. Ba4 b5 11. Bb3 Be6 12. Qe1 h6 13. Bh4 g5 14. Bg3 Nh5 15. Ne2 Nb4 16. Rc1 Qa5 17. c3 Nxd3 18. Qd1 Nxc1 19. Nxc1 Rd8 20. Qe1 Qb6 21. c4 a5 22. Qe2 a4 23. Bc2 Bxc4 24. Nd3 Nxg3 25. hxg3 f6 26. Rd1 a3 27. bxa3 Qa5 28. Qe1 Qxa3 29. Bb1 d5 30. Nc1 Qb2 31. Qd2 Qxb1 32. Kh2 Qxe4 33. Ng1 f5 34. f3 Qb1 35. Re1 e4 36. Rd1 Bd4 37. Nh3 Rg8 38. Re1 e3 39. Qd1 Qb2 40. Kh1 Qc3 41. Kh2 Rh8 42. a3 Ra8 43. g4 Be5+ 44. Kg1 Rxa3 45. Kh1 b4 46. Ng1 h5 47. g3 b3 48. Nce2 Qb2 49. f4 Ra1 50. Nc1 hxg4+ 51. Nh3 Rxh3+ 52. Kg1 Qh2# 0-1